000 00628 a2200205 4500
999 _c4607
_d4607
020 _a1779011512
050 0 0 _aPR9390.6 WOM 1998
100 _aMoyo, Promise
_eeditor
245 0 2 _aA woman's plea /
_cedited by Promise Moyo.
264 _aHarare:
_bZimbabwe Publishing House,
_c1998.
300 _a74 p. ;
440 0 _aZPH writers series
500 _aPoetry
650 _aZimbabwean poetry (English) -- 20th century -- Women authors
650 _aWomen -- Zimbabwe -- Poetry
651 _aZimbabwe
700 1 _aMoyo, Promise.
_eeditor
942 _2lcc
_cBK
_h9390.6
_iWOM
_kPR